000 01188nam a22003497a 4500
003 CHAP
005 20220329141700.0
008 971013s1994 r 00010 d
010 _a72158
011 _a73130
035 _a82687
040 _cCHAP
090 _aTesis
100 0 0 _aRamarit Urías, Juan Carlos.
_993814
245 _aEstudio tecnológico de la madera de Pinus arizonica Engelm, del estado de Durango
260 _aChapingo, Méx. :
_bEl autor,
_c1994
300 _a78 h.
502 _aTesis (Ing. Forestal con orientación en Industrias) -- UACH. División de Ciencias Forestales
590 _aALEPH
_b10
_c20130110
_lUCH01
_h1413
590 _aBATCH-UPD
_b10
_c20130109
_lUCH01
_h2326
590 _aBATCH-UPD
_b10
_c20130110
_lUCH01
_h0723
590 _aBATCH-UPD
_b10
_c20130409
_lUCH01
_h1850
590 _aBATCH-UPD
_b10
_c20130410
_lUCH01
_h0407
590 _aBATCH-UPD
_b10
_c20130914
_lUCH01
_h1739
590 _aCONVERSION
_b10
_c20130109
_lUCH01
_h1339
650 1 4 _aMadera
_xTecnología.
_969629
650 1 4 _aPináceas
_zDurango.
_988273
650 1 4 _aPinus arizonica.
_988319
901 _aBK
942 _cTESIS
949 _bBC
_cTES
_d-36859
_eTS1
_h30065
_i82687
_si
999 _c72158
_d72158